| 000 | 00451nam a22001577a 4500 | ||
|---|---|---|---|
| 003 | OSt | ||
| 008 | 260508b |||||||| |||| 00| 0 eng d | ||
| 082 |
_a633.11 _bC35E |
||
| 100 | _aChowdhury Tapan Kanti | ||
| 245 | _aEffect of Seed Rates, Fertility Levels and Weed Control Practices on Growth, Yield and Quality of Wheat | ||
| 260 |
_aPusa, Samastipur _bRAU _c1987 |
||
| 300 | _a82P. | ||
| 502 |
_bMsc. _d1987 |
||
| 650 | _aAgronomy | ||
| 942 |
_2ddc _cT |
||
| 999 |
_c50510 _d50510 |
||